The history & development of economic thought; (Record no. 55457)

MARC details
000 -LEADER
fixed length control field 00612cam a22002171 4500
001 - CONTROL NUMBER
control field sa 63004074
003 - CONTROL NUMBER IDENTIFIER
control field DLC
005 - DATE AND TIME OF LATEST TRANSACTION
control field 20260227111946.0
008 - FIXED-LENGTH DATA ELEMENTS--GENERAL INFORMATION
fixed length control field 910114s1963 ii 000 0 eng
010 ## - LIBRARY OF CONGRESS CONTROL NUMBER
LC control number sa 63004074
035 ## - SYSTEM CONTROL NUMBER
System control number (OCoLC)24076763
040 ## - CATALOGING SOURCE
Original cataloging agency DLC
Transcribing agency NAlU
Modifying agency DLC
042 ## - AUTHENTICATION CODE
Authentication code premarc
050 00 - LIBRARY OF CONGRESS CALL NUMBER
Classification number HB171.5
Item number .M24
100 1# - MAIN ENTRY--PERSONAL NAME
Personal name Maan, Gurmukh Ram.
245 14 - TITLE STATEMENT
Title The history & development of economic thought;
Remainder of title an introductory analysis
260 ## - PUBLICATION, DISTRIBUTION, ETC.
Place of publication, distribution, etc. Delhi,
Name of publisher, distributor, etc. S. Chand,
Date of publication, distribution, etc. 1963.
300 ## - PHYSICAL DESCRIPTION
Extent iii, ii, 311 p.
Dimensions 23 cm.
650 #0 - SUBJECT ADDED ENTRY--TOPICAL TERM
Topical term or geographic name entry element Economics
General subdivision History.
700 1# - ADDED ENTRY--PERSONAL NAME
Personal name Dhooria, H. S.,
Relator term joint author.

No items available.

Powered by Koha